| 000 | 00414nam a2200145 4500 | ||
|---|---|---|---|
| 001 | 117871 | ||
| 003 | ES-MaACL | ||
| 007 | t| | ||
| 008 | 070214s1928 xr r ||||1| ger d | ||
| 100 | 1 |
_aPapousek, Jaroslav. _988880 |
|
| 245 | 1 | 0 |
_aDer kampf um die tschechoslovakische selbstèandigkeit. / _cJaroslav Papousek. |
| 260 |
_aPrag : _bOrbis, _c1928. |
||
| 300 |
_a96 p. ; _c19 x 12 cm. |
||
| 852 |
_aES-MaACL _jB-6469 |
||
| 999 |
_c117871 _d117871 |
||